00905ny a22001933n 450000500170000000800410001702200190005803500090007704000140008610000270010024501180012725600240024526000300026950602800029965000270057970000250060674000390063185600410067020240305165325.0101118s2010 mx 000 spa d a9786074407048  a5092 aBUSdvlex1 aPérez Chavez, José10aCompendio fiscal profesional 2010h[Recurso electrónico]cJosé Pérez Chavez ; Raymundo Fol Olguin pTomo I  aServicio en línea aMéxico :bTax ed,c20101 aContenido solo disponible en los productos indicadosdvLex GlobaldvLex Global (Academic Edition, excluding Law Schools)dvLex Global (U.S. Academic Edition, Law Schools)dvLex Global (U.S. Academic Edition, excluding Law Schools)dvLex Global (Academic Edition, Law Schools)07aImpuesto2Tesauro vLex1 aFol Olguin, Raymundo0 avLex Libros (Servicios en línea)40uhttps://app.vlex.com/#/sources/5092